Statistiques concernant Effectif Olympique Lyonnais féminin 2022-2023

Cliquez ici pour prendre le quiz!

Statistiques générales

  • Ce quiz a été pris 83 fois
  • Le résultat moyen est 14 sur 26

Statistiques - réponses

POSPAYSRéponse% Correct
DEFFRAWendie Renard
97%
ATTFRAEugénie Le Sommer
91%
DEFFRASelma Bacha
88%
ATTNORAda Hegerberg
77%
GCHILChristiane Endler
77%
ATTFRADelphine Cascarino
77%
MILFRAAmandine Henry
74%
DEFFRAGriedge Mbock
74%
MILP-BDanielle van de Donk
68%
DEFAUSEllie Carpenter
66%
MILUSALindsey Horan
60%
MILFRAAmel Majri
58%
ATTFRAMelvine Malard
54%
GFRASarah Bouhaddi
52%
MILALLSara Däbritz
48%
MILALLDzsenifer Marozsán
46%
DEFBELJanice Cayman
46%
MILP-BDamaris Egurrola
45%
DEFFRAPerle Morroni
45%
MILUSACatarina Macario
42%
DEFFRAAlice Sombath
34%
GFRAAlyssia Paljevic
26%
GSUEEmma Holmgren
26%
ATTFRAInès Benyahia
26%
MILFRAKysha Sylla
15%
DEFFRAGrace Kazadi
6%

Distribution des résultats

Percentile par nombre de réponses

% des personnes avec chaque résultat

Votre développement - résultats

Vous n’avez pas pris ce quiz